Developmental reading 2 / (Record no. 10164)

MARC details
000 -LEADER
fixed length control field 00766nam a22002417i 4500
003 - CONTROL NUMBER IDENTIFIER
control field URS
005 - DATE AND TIME OF LATEST TRANSACTION
control field 20260126111103.0
008 - FIXED-LENGTH DATA ELEMENTS--GENERAL INFORMATION
fixed length control field 160913b xxu||||| |||| 00| 0 eng d
020 ## - INTERNATIONAL STANDARD BOOK NUMBER
International Standard Book Number 9789710445479
040 ## - CATALOGING SOURCE
Description conventions rda
Transcribing agency URS
Language of cataloging English
050 ## - LIBRARY OF CONGRESS CALL NUMBER
Classification number LB1050.53
Item number .B47d 2009
100 ## - MAIN ENTRY--PERSONAL NAME
Personal name Bernardez, Edisteo B.,
Relator term author.
245 ## - TITLE STATEMENT
Title Developmental reading 2 /
Statement of responsibility, etc Edisteo B. Bernardez.
264 ## - PUBLICATION, DISTRIBUTION, ETC. (IMPRINT)
Place of publication, distribution, etc Intramuros, Manila :
Name of publisher, distributor, etc Mindshapers Company Incorporated,
Date of publication, distribution, etc ©2009.
300 ## - PHYSICAL DESCRIPTION
Extent xi, 313 pages ;
Dimensions 22 cm.
336 ## - CONTENT TYPE
Content type term text
Content type code txt
Source rdacontent
337 ## - MEDIA TYPE
Media type term unmediated
Media type code n
Source rdamedia
338 ## - CARRIER TYPE
Carrier type term volume
Carrier type code nc
Source rdacarrier
504 ## - BIBLIOGRAPHY, ETC. NOTE
Bibliography, etc Includes bibliographical references.
650 ## - SUBJECT ADDED ENTRY--TOPICAL TERM
Topical term or geographic name as entry element Developmental reading.
650 ## - SUBJECT ADDED ENTRY--TOPICAL TERM
Topical term or geographic name as entry element Reading (Higher education).
942 ## - ADDED ENTRY ELEMENTS (KOHA)
Source of classification or shelving scheme Library of Congress Classification
Koha item type Filipiniana
Holdings
Withdrawn status Lost status Source of classification or shelving scheme Damaged status Not for loan Collection code Home library Current library Shelving location Date acquired Source of acquisition Total Checkouts Full call number Barcode Date last seen Copy number Koha item type
    Library of Congress Classification     Non-fiction Taytay College Library Taytay College Library Filipiniana Section 11/10/2009 Purchased   LB1050.53 .B47d 2009 URSTAY-2443 06/02/2025 1 Filipiniana
    Library of Congress Classification     Non-fiction Taytay College Library Taytay College Library Filipiniana Section 11/10/2009 Purchased   LB1050.53 .B47d 2009 URSTAY-2444 09/13/2016 2 Filipiniana
    Library of Congress Classification     Non-fiction Taytay College Library Taytay College Library Filipiniana Section 11/10/2009 Purchased   LB1050.53 .B47d 2009 URSTAY-2445 06/02/2025 3 Filipiniana
    Library of Congress Classification     Non-fiction Taytay College Library Taytay College Library Filipiniana Section 11/10/2009 Purchased   LB1050.53 .B47d 2009 URSTAY-2446 06/02/2025 4 Filipiniana
    Library of Congress Classification     Non-fiction Taytay College Library Taytay College Library Filipiniana Section 11/10/2009 Purchased   LB1050.53 .B47d 2009 URSTAY-2447 09/13/2016 5 Filipiniana

University of Rizal System
Email us at univlibservices@urs.edu.ph

Visit our Website www.urs.edu.ph/library